| 000 | 00655nam a2200217 a 4500 | ||
|---|---|---|---|
| 001 | BRCA_457 | ||
| 005 | 20190320203023.0 | ||
| 008 | 291107s1988----sp-a---###---#000-0#spa-# | ||
| 020 | _a8420670715 | ||
| 050 | 4 |
_aNC998 _b.S28 1988 |
|
| 100 | 1 |
_aSatué, Enric _91570 |
|
| 245 | 1 | 0 |
_aEl diseño gráfico _bdesde los orígenes hasta nuestros días _cEnric Satué. |
| 260 |
_aMadrid _bAlianza _c1988 |
||
| 300 |
_a500 p. _bil. _c23 cm. |
||
| 440 | 0 |
_aAlianza forma _v71 _91443 |
|
| 500 | _aIncluye índice onomástico | ||
| 504 | _aBibliografía : p. 485-487 | ||
| 650 | 1 | 4 |
_aArtes gráficas _xHistoria _91571 |
| 650 | 1 | 4 |
_aDiseño _xHistoria _91572 |
| 942 |
_2lcc _cB |
||
| 999 |
_c392 _d392 |
||